Canción de otoño en primavera:Previsiones sobre la crisis de la agricultura cerealera argentina(1894-1930) (Registro nro. 16418)

Detalles MARC
000 -LEADER
fixed length control field 00405 a2200109 4500
001 - CONTROL NUMBER
control field ART_3470
005 - DATE AND TIME OF LATEST TRANSACTION
control field 20260410161715.0
008 - FIXED-LENGTH DATA ELEMENTS--GENERAL INFORMATION
fixed length control field 260409a
100 1# - MAIN ENTRY--PERSONAL NAME
Personal name Halperin Donghi, Tulio
245 10 - TITLE STATEMENT
Title Canción de otoño en primavera:Previsiones sobre la crisis de la agricultura cerealera argentina(1894-1930)
773 0# - HOST ITEM ENTRY
Title Desarrollo económico
Related parts - Vol. 24, Nº 95 (oct./dic. 1984)
Record control number REV1174

No hay ítems disponibles.